Control System Engineering (Record no. 30)

MARC details
000 -LEADER
fixed length control field 00549nam a22002057a 4500
003 - CONTROL NUMBER IDENTIFIER
control field OSt
005 - DATE AND TIME OF LATEST TRANSACTION
control field 20180302185515.0
008 - FIXED-LENGTH DATA ELEMENTS--GENERAL INFORMATION
fixed length control field 140630b xxu||||| |||| 00| 0 eng d
020 ## - INTERNATIONAL STANDARD BOOK NUMBER
International Standard Book Number 9788126521531
040 ## - CATALOGING SOURCE
Transcribing agency 040a
082 ## - DEWEY DECIMAL CLASSIFICATION NUMBER
Edition number 21
Classification number 003.5 NIS 2009
100 ## - MAIN ENTRY--PERSONAL NAME
Personal name Nise, Norman S.
9 (RLIN) 93
245 ## - TITLE STATEMENT
Title Control System Engineering
250 ## - EDITION STATEMENT
Edition statement 5th ed.
260 ## - PUBLICATION, DISTRIBUTION, ETC. (IMPRINT)
Place of publication, distribution, etc. India;
Name of publisher, distributor, etc. Wiley,
Date of publication, distribution, etc. 2009
300 ## - PHYSICAL DESCRIPTION
Extent xviii, 861 p;
Other physical details ill :
Dimensions 24cm .
504 ## - BIBLIOGRAPHY, ETC. NOTE
Bibliography, etc includes bibliographical references and index
651 ## - SUBJECT ADDED ENTRY--GEOGRAPHIC NAME
Geographic name Engineering system
9 (RLIN) 94
942 ## - ADDED ENTRY ELEMENTS (KOHA)
Source of classification or shelving scheme Dewey Decimal Classification
Koha item type Open Shelf
Holdings
Withdrawn status Lost status Source of classification or shelving scheme Damaged status Not for loan Home library Current library Date acquired Source of acquisition Inventory number Total Checkouts Full call number Barcode Date last seen Koha item type
    Dewey Decimal Classification     MUST Main Library MUST Main Library 30/06/2014   11/34113   003.5 NIS 2009 2014-0040 30/06/2014 Open Shelf
    Dewey Decimal Classification     MUST Main Library MUST Main Library 30/06/2014   11/34117   003.5 NIS 2009 2014-0041 30/06/2014 Open Shelf
    Dewey Decimal Classification     MUST Main Library MUST Main Library 02/12/2015   11/34119   003.5 NIS 2009 2015-2886 02/12/2015 Open Shelf
    Dewey Decimal Classification     MUST Main Library MUST Main Library 08/06/2016   11/34112   003.5 NIS 2009 2016-2376 08/06/2016 Open Shelf
    Dewey Decimal Classification     MUST Main Library MUST Main Library 08/06/2016   11/34111   003.5 NIS 2009 2016-2380 08/06/2016 Open Shelf